000 00477nam a2200181Ia 4500
001 20767
005 20260306172830.0
008 260306t2019||||xx |||||||||||||| ||spa||
041 _aESP
082 _a343.8
_bA64
100 _aApaza Meza, Mario
_eAUT
245 0 _aDiferencias del devengo contable y tributario y su aplicación práctica con Excel
260 _c2019
300 _a527 páginas :
_c24 cm.
650 _aGEN
654 _aCCO
942 _cLIB
_dJUS
_fJUS
_2ddc
_n
999 _c20767
_d20767